000 01697nea a2200397 i 4500
001 196764
003 SpMaBN
005 20250107181422.0
007 aj aanzn
008 241114s1799 fr bdez e fre
016 7 _abicaBNE20050043412
_zAMER89003730
_2SpMaBN
034 1 _aa
_b766284
035 _a(SpMaBN)bica0000078269
035 _a(OCoLC)733733933
035 _a991037196619708606
040 _aSpMaBN
_bspa
_cSpMaBN
_erdc
_dES-MaACL
080 _a(7)
_22015
245 0 0 _aCôte Nord-ouest de l'Amerique, [Material Cartográfico], reconnue par le Cap. Vancouver, 3e. Partie, depuis 45º30' de Latitude Seple. et 236º12' de Longitude, jusqu'a 52º15' de Late et 232º40' de Longde,
260 _a[A Paris] :
_b[De L'Imprimerie de la République],
_c[1799]
300 _a1 mapa ;
_c92 x 65 cm
336 _aImagen (cartográfica ; fija ; bidimensional ; visual)
_2rdacontent
337 _asin mediación
_2rdamedia
338 _2rdacarrier
_avolumen
501 _aInserta: "Entrée de la Riviere Columbia"
596 _aDatos y año de edición tomados del atlas en el que se encuentra el mapa
611 2 0 _a Vancouver, Expedición de,
_d1791-1795
_9239420
651 0 _aAmérica del Norte
_vMapas
_2embne
_9239286
655 0 _9239293
_aMapas topográficos-
_yS. XVIII
700 0 _aVancouver, George,
_d1757-1798
_9113045
710 _aImprimerie de la République (Francia)
_9239285
800 _tES-MaA
_9239422
852 _aES-MaACL
_cDEPO2
_dOlim: B-6988
_dOlim: 155-A-2
_jGF-116(5)
_9204464
_zEncuadernado con otros mapas formando un volumen facticio.
942 _2udc
_cCARTOGRAFI
_n0
999 _c196764
_d196764